00890nam a22001817a 4500003000900000008004100009040007100050082002200121100002700143245015500170260008300325300004200408505010800450650004800558650004500606650002700651700003000678AR-CdUCM190411b ||||| |||| 00| 0 spa d aMUNICIPALIDAD PROVINCIAL DEL CUSCOcBIBLIOTECA MUNICIPAL DEL CUSCO aC / 333.72 /bP92 aPrescott-Allen, Robert a¿Cuánto vale la vida silvestre? :bLas contribuciones económicas que la flora y fauna silvestres aportan a los países en vías de desarrollo / aCusco :bCentro de Estudios Rurales Andinos "Bartolomé de las Casas",c1987. a101 paginas ;bIlustraciones,c21 cm. aContenido :Carne,pieles y marfil --Pesca, alimentación y acuarios --Hortalizas, especias y chicle ... aRecursos naturales y desarrollo económico aConservación de los recursos naturales aPaíses en desarrollo aPrescott-Allen, Christine